Potenciál zaniknutých kúpeľov pre rozvoj cestovného ruchu v Slovenskej republike
Stručný prehľad zaniknutých kúpeľov na Slovensku. Príčiny zániku kúpeľov. Predpoklady pre rozvoj cestovného ruchu v zaniknutých kúpeľoch.
Salvato in:
| Autore principale: | |
|---|---|
| Natura: | Capitolo di libro |
| Lingua: | slovacco |
| Soggetti: | |
| Tags: |
Nessun Tag, puoi essere il primo ad aggiungerne!!
|
MARC
| LEADER | 00000naa$a2200000$$$4500 | ||
|---|---|---|---|
| 001 | 0199979 | ||
| 005 | 20240502083508.4 | ||
| 041 | 0 | |a slo | |
| 044 | |a CZ | ||
| 245 | 1 | 0 | |a Potenciál zaniknutých kúpeľov pre rozvoj cestovného ruchu v Slovenskej republike |c Darina Eliašová |
| 520 | |a Stručný prehľad zaniknutých kúpeľov na Slovensku. Príčiny zániku kúpeľov. Predpoklady pre rozvoj cestovného ruchu v zaniknutých kúpeľoch. | ||
| 610 | 2 | 0 | |a ruch cestovný |
| 610 | 2 | 0 | |a kúpele |
| 610 | 2 | 0 | |a kúpeľníctvo |
| 610 | 2 | 0 | |a regióny |
| 610 | 2 | 0 | |a kraje |
| 610 | 2 | 0 | |a voda minerálna |
| 610 | 2 | 0 | |a voda termálna |
| 610 | 2 | 0 | |a zariadenia rekreačné |
| 610 | 2 | 0 | |a Slovensko |
| 100 | 1 | |a Eliašová, Darina | |